| 000 -LEADER |
| fixed length control field |
02896cam a2200433 a 4500 |
| 001 - CONTROL NUMBER |
| control field |
16091493 |
| 005 - DATE AND TIME OF LATEST TRANSACTION |
| control field |
20161203112006.0 |
| 008 - FIXED-LENGTH DATA ELEMENTS--GENERAL INFORMATION |
| fixed length control field |
100212s2010 fluab b 001 0 eng |
| 010 ## - LIBRARY OF CONGRESS CONTROL NUMBER |
| LC control number |
2010005713 |
| 015 ## - NATIONAL BIBLIOGRAPHY NUMBER |
| Source |
bnb |
| National bibliography number |
GBB007319 |
| 016 7# - NATIONAL BIBLIOGRAPHIC AGENCY CONTROL NUMBER |
| Record control number |
015468714 |
| Source |
Uk |
| 020 ## - INTERNATIONAL STANDARD BOOK NUMBER |
| International Standard Book Number |
9781439817940 (alk. paper) |
| 020 ## - INTERNATIONAL STANDARD BOOK NUMBER |
| International Standard Book Number |
1439817944 (alk. paper) |
| 035 ## - SYSTEM CONTROL NUMBER |
| System control number |
(OCoLC)ocn462926063 |
| 040 ## - CATALOGING SOURCE |
| Original cataloging agency |
DLC |
| Transcribing agency |
DLC |
| Modifying agency |
YDX |
| -- |
UKM |
| -- |
BTCTA |
| -- |
YDXCP |
| -- |
BWX |
| -- |
CDX |
| -- |
AGL |
| -- |
YAM |
| -- |
CUS |
| -- |
DLC |
| 050 00 - LIBRARY OF CONGRESS CALL NUMBER |
| Classification number |
RA1226 |
| Item number |
.W55 2010 |
| 070 0# - NATIONAL AGRICULTURAL LIBRARY CALL NUMBER |
| Classification number |
RA1226 |
| Item number |
.W55 2010 |
| 100 ## - MAIN ENTRY--PERSONAL NAME |
| Personal name |
edited by Kendall,Ronald J. |
| 245 00 - TITLE STATEMENT |
| Title |
Wildlife toxicology : |
| Remainder of title |
emerging contaminant and biodiversity issues / |
| Statement of responsibility, etc. |
edited by Ronald J. Kendall ... [et al.] ; with a foreword by Thomas Lovejoy. |
| 260 ## - PUBLICATION, DISTRIBUTION, ETC. (IMPRINT) |
| Place of publication, distribution, etc. |
Boca Raton, FL : |
| Name of publisher, distributor, etc. |
CRC Press, |
| Date of publication, distribution, etc. |
c2010. |
| 300 ## - PHYSICAL DESCRIPTION |
| Extent |
xvii, 321 p. : |
| Other physical details |
ill., maps ; |
| Dimensions |
25 cm. |
| 500 ## - GENERAL NOTE |
| General note |
Update of: Wildlife toxicology and population modeling : integrated studies of agroecosystems / edited by Ronald J. Kendall and Thomas E. Lacher. Boca Raton : Lewis Pub., c1994. Cf. pref. |
| 504 ## - BIBLIOGRAPHY, ETC. NOTE |
| Bibliography, etc |
Includes bibliographical references and index. |
| 505 0# - FORMATTED CONTENTS NOTE |
| Formatted contents note |
Environmental toxicology of munitions-related compounds : nitroaromatics and nitramines / Todd A. Anderson -- Agriculture : pesticides, plant genetics, and biofuels / Spencer R. Mortensen, Thomas E. Nickson, and George P. Cobb -- Influence of pesticides and environmental contaminants on emerging diseases of wildlife / Steven M. Presley, Galen P. Austin, and C. Brad Dabbert -- Impacts of contaminants and pesticides on biodiversity and ecosystem structure and function / Thomas F. Lacher Jr. ... [et al.] -- Impacts of anthropogenic CO₂ and climate change on the biologyof terrestrial and marine systems / Lee Hannah -- Statistical models in wildlife toxicology / Stephen B. Cox -- Global perspectives on wildlife toxicology : emerging issues / Philip N. Smith ... [et al.] -- Ecological risk assessment and emerging issues in wildlife toxicology / Chrisopher J. Salice -- Looking forward : the global future of wildlife toxicology / Ronald J. Kendall ... [et al.]. |
| 650 #0 - SUBJECT ADDED ENTRY--TOPICAL TERM |
| Topical term or geographic name as entry element |
Environmental toxicology. |
| 650 #0 - SUBJECT ADDED ENTRY--TOPICAL TERM |
| Topical term or geographic name as entry element |
Pesticides and wildlife. |
| 650 #0 - SUBJECT ADDED ENTRY--TOPICAL TERM |
| Topical term or geographic name as entry element |
Wildlife conservation. |
| 650 #0 - SUBJECT ADDED ENTRY--TOPICAL TERM |
| Topical term or geographic name as entry element |
Biodiversity conservation. |
| 650 #0 - SUBJECT ADDED ENTRY--TOPICAL TERM |
| Topical term or geographic name as entry element |
Animals |
| General subdivision |
Effect of pollution on. |
| 650 #2 - SUBJECT ADDED ENTRY--TOPICAL TERM |
| Topical term or geographic name as entry element |
Environmental Pollution |
| General subdivision |
adverse effects. |
| 650 #2 - SUBJECT ADDED ENTRY--TOPICAL TERM |
| Topical term or geographic name as entry element |
Environmental Pollutants |
| General subdivision |
toxicity. |
| 650 #2 - SUBJECT ADDED ENTRY--TOPICAL TERM |
| Topical term or geographic name as entry element |
Animals, Wild. |
| 650 #2 - SUBJECT ADDED ENTRY--TOPICAL TERM |
| Topical term or geographic name as entry element |
Ecosystem. |
| 700 1# - ADDED ENTRY--PERSONAL NAME |
| Personal name |
Kendall, Ronald J. |
| 730 0# - ADDED ENTRY--UNIFORM TITLE |
| Uniform title |
Wildlife toxicology and population modeling. |
| 942 ## - ADDED ENTRY ELEMENTS (KOHA) |
| Source of classification or shelving scheme |
|
| Koha item type |
Hard Covered Materials |
| Classification part |
RA1226 .W55 2010 |